01548nam a2200397 a 4500001001200000003000800012006001900020007001500039008004100054010001700095020002500112020002700137040002100164035002100185043001200206050002400218082001600242245009300258260004900351300002300400490004000423500002000463533015200483610001600635610004100651650004300692650005300735650005700788650005200845655002900897700002300926710001700949830004100966856012601007999001701133ebr10681038CaPaEBRm u cr cn|||||||||100423s2010 nyua s 001 0 eng d z 2010016732 z9781617283055 (hbk.) z9781617286285 (e-book) aCaPaEBRcCaPaEBR a(OCoLC)711000601 an-us---14aHG2567b.U53 2010eb04a332.3/522200aUnique treatment of GMAC under TARPh[electronic resource] /cRobert W. Crowley, editor. aNew York :bNova Science Publishers,cc2010. aix, 176 p. :bill.1 aFinancial institutions and services aIncludes index. aElectronic reproduction.bPalo Alto, Calif. :cebrary,d2013.nAvailable via World Wide Web.nAccess may be limited to ebrary affiliated libraries.20aGMAC (Firm)20aTroubled Asset Relief Program (U.S.) 0aBank holding companieszUnited States. 0aBank failuresxGovernment policyzUnited States. 0aBanks and bankingxState supervisionzUnited States. 0aFinancial institutionszUnited StatesxFinance. 7aElectronic books.2local1 aCrowley, Robert W.2 aebrary, Inc. 0aFinancial institutions and services.40uhttp://site.ebrary.com/lib/rucke/Doc?id=10681038zAn electronic book accessible through the World Wide Web; click to view c60374d60374